|
|
|
|
| LEADER |
00000naa2a2200000 4500 |
| 001 |
239454 |
| 005 |
20231031205453.0 |
| 035 |
|
|
|a (RuTPU)RU\TPU\book\260673
|
| 035 |
|
|
|a RU\TPU\book\260670
|
| 090 |
|
|
|a 239454
|
| 100 |
|
|
|a 20130609d2010 k y0rusy50 ca
|
| 101 |
0 |
|
|a rus
|
| 102 |
|
|
|a RU
|
| 200 |
1 |
|
|a Современные взгляды на иноязычную подготовку будущих специалистов технических вузов
|f И. Р. Зернова
|
| 225 |
1 |
|
|a Инновационные подходы к лингвогуманитарной подготовке специалистов с высшим профессиональным образованием
|
| 320 |
|
|
|a Библиогр.: с. 120 (4 назв.)
|
| 461 |
|
0 |
|0 (RuTPU)RU\TPU\book\251554
|t Прикладная филология: идеи, концепции, проекты
|o сборник статей VIII Международной научно-практической конференции, 27-29 октября 2010 г.
|o в 2 ч.
|f Национальный исследовательский Томский политехнический университет (ТПУ), Институт международного образования и языковой коммуникации (ИМОЯК) ; под ред. С. А. Песоцкой
|d 2010
|
| 463 |
|
0 |
|0 (RuTPU)RU\TPU\book\250264
|t Ч. 1
|v С. 115-120
|d 2010
|p 231 с.
|
| 610 |
1 |
|
|a иноязычная подготовка
|
| 610 |
1 |
|
|a специалисты
|
| 610 |
1 |
|
|a технические вузы
|
| 610 |
1 |
|
|a современные взгляды
|
| 610 |
1 |
|
|a образовательный процесс
|
| 610 |
1 |
|
|a коммуникативная компетентность
|
| 700 |
|
1 |
|a Зернова
|b И. Р.
|
| 801 |
|
1 |
|a RU
|b 63413507
|c 20130514
|
| 801 |
|
2 |
|a RU
|b 63413507
|c 20130609
|g RCR
|
| 942 |
|
|
|c BK
|